| 000 | 00409nam a2200169Ia 4500 | ||
|---|---|---|---|
| 008 | 221030s9999 xx 000 0 und d | ||
| 020 | _a8126113960 | ||
| 041 | _aEnglish | ||
| 082 |
_a105.23 _bSud |
||
| 100 | _aA. S. Sudan | ||
| 245 | 0 | _aManagement Process & Organizational Behaviour | |
| 260 |
_bAnmol Pub _aNew Delhi _c2003 |
||
| 300 | _a647 | ||
| 650 | _aManagement | ||
| 700 | _aN. Kumar | ||
| 942 | _cBK | ||
| 999 |
_c2471 _d2471 |
||